Statistics for European Capitals: Closest non-European Capital City

Click here to take the quiz!

General Stats

  • This quiz has been taken 168 times
  • The average score is 39 of 45

Answer Stats

Capital cityDistanceClosest non-European Capital City% Correct
Lisbon561 kmRabat
97%
Vatican City597 kmTunis
97%
Valletta357 kmTripoli
96%
Rome598 kmTunis
96%
Andorra la Vella652 kmAlgiers
94%
Madrid714 kmAlgiers
93%
Athens820 kmAnkara
93%
Monaco802 kmTunis
93%
Bucharest749 kmAnkara
91%
Sofia854 kmAnkara
91%
San Marino813 kmTunis
91%
Skopje988 kmAnkara
89%
Pristina1024 kmAnkara
88%
Belgrade1154 kmAnkara
88%
Kiev1184 kmAnkara
88%
Chisinau850 kmAnkara
88%
Paris1345 kmAlgiers
87%
Vienna1362 kmTunis
87%
Budapest1392 kmAnkara
86%
Vilnius1736 kmAnkara
86%
Podgorica998 kmTunis
86%
Sarajevo1044 kmTunis
86%
Ljubljana1087 kmTunis
86%
Zagreb1110 kmTunis
86%
Bern1147 kmTunis
86%
Vaduz1147 kmTunis
86%
Tirana972 kmTunis
86%
Bratislava1380 kmTunis
86%
Minsk1604 kmAnkara
85%
Prague1513 kmTunis
85%
Luxembourg1450 kmAlgiers
84%
Warsaw1642 kmAnkara
84%
Berlin1763 kmTunis
84%
Brussels1569 kmAlgiers
83%
London1658 kmAlgiers
83%
Amsterdam1741 kmAlgiers
83%
Riga1997 kmAnkara
83%
Tallinn2244 kmAnkara
83%
Stockholm2396 kmAnkara
83%
Copenhagen2103 kmTunis
83%
Dublin1978 kmAlgiers
82%
Helsinki2318 kmAnkara
81%
Oslo2568 kmTunis
80%
Reykjavik3472 kmAlgiers
77%
Moscow1648 kmTbilisi
68%

Score Distribution

Percentile by Number Answered

Percent of People with Each Score

Your Score History

You have not taken this quiz